Účtovníctvo

Gespeichert in:
Bibliographische Detailangaben
1. Verfasser: Šlosárová, Anna
Körperschaft: Ekonomická univerzita v Bratislave
Weitere Verfasser: Kadlečíková, Oľga, 1973-, Kovalčíková, Antónia, Máziková, Katarína, Soukupová, Božena, Mázik, Ján
Format: Buch
Sprache:Slowakisch
Veröffentlicht: Bratislava Iura Edition 2011
Schriftenreihe:Ekonómia
Schlagworte:
Tags: Tag hinzufügen
Keine Tags, Fügen Sie das erste Tag hinzu!

MARC

LEADER 00000nam a2200000 4500
001 0143310
005 20240502072553.6
020 |a 978-80-8078-418-8 
041 0 |a slo 
044 |a SK 
245 1 0 |a Účtovníctvo  |c Anna Šlosárová a kolektív 
264 1 |a Bratislava  |b Iura Edition  |c 2011 
300 |a 290 s. [14,67 AH] 
490 1 |a Ekonómia 
830 0 |a Ekonómia 
610 2 0 |a účtovníctvo 
610 2 0 |a majetok 
610 2 0 |a záväzky podniku 
610 2 0 |a imanie vlastné 
610 2 0 |a náklady 
610 2 0 |a výnosy 
610 2 0 |a výsledok hospodársky 
610 2 0 |a štandardy účtovné medzinárodné 
610 2 0 |a oceňovanie 
610 2 0 |a kontrola vnútorná 
100 1 |a Šlosárová, Anna 
700 1 |a Kadlečíková, Oľga, 1973- 
700 1 |a Kovalčíková, Antónia 
700 1 |a Máziková, Katarína 
700 1 |a Soukupová, Božena 
700 1 |a Mázik, Ján 
710 2 |a Ekonomická univerzita v Bratislave